00802nam a2200193Ia 4500003000900000008004100009040001600050080001800066110005200084245018700136260006500323300001600388650003200404650001900436650003700455942000700492999001500499952009400514IN-BaIIA211028s9999 xx 000 0 eng d cIIA Library a083.7:62bASM aAmerican Society of Mechanical Engineers912065 0a1980 ASME boiler and pressure vessel code Section III Rules for construction of nuclear power plant components subsectiocThe American Society of Mechanical Engineers  aNew YorkbThe American Society of Mechanical Engineersc1980 axxiii, 71p. aMechanical Engineering9667 aNASA Thesaurus aRules-Nuclear Power Plant912066 cBK c7055d7055 00104070aBANbKAVcGENd1982-04-27l0o083.7:62/ ASMp7835r2021-11-05w1982-04-27yBK